MARC details
| 000 -LÍDER |
| campo de controle de tamanho fixo |
01303naa a22003137a 4500 |
| 001 - NÚMERO DE CONTROLE |
| campo de controle |
BR8300310 |
| 003 - IDENTIFICADOR DO NÚMERO DE CONTROLE |
| campo de controle |
BR-BrBNA |
| 005 - DATA E HORÁRIO DA ÚLTIMA TRANSAÇÃO |
| campo de controle |
20250721143215.0 |
| 007 - CAMPO FIXO DE DESCRIÇÃO FÍSICA--INFORMAÇÃO GERAL |
| campo de controle de tamanho fixo |
ta |
| 008 - CAMPO DE DADOS FIXOS--INFORMAÇÃO GERAL |
| campo de controle de tamanho fixo |
250630b bl.|||m| |||| 00| 0 por d |
| 040 ## - FONTE DA CATALOGAÇÃO |
| Instituição da catalogação original |
BR-BrBNA |
| Idioma da catalogação |
por |
| Instituição que transcreveu o registro |
Biblioteca Nacional de Agricultura |
| 041 ## - CÓDIGO DE IDIOMA |
| Código do idioma do texto/trilha sonora ou título diferente |
(Pt) |
| 072 ## - CÓDIGO DE CATEGORIA DE ASSUNTO |
| Código de Categoria de Assunto |
F40; F00 |
| Código do objeto |
0390 |
| -- |
G514 |
| 090 ## - NÚMERO DE CHAMADA LOCAL |
| Número de chamada |
F40 BR8300310 |
| 100 1# - ENTRADA PRINCIPAL--NOME PESSOAL |
| Nome pessoal |
Almeida, F.A.G. |
| 111 1# - ENTRADA PRINCIPAL--NOME DO EVENTO |
| Nome do evento ou lugar |
1. Ciclo de Palestras sobre Jojoba |
| Local do evento |
Natal, RN (Brazil) |
| Data do evento ou assinatura do tratado |
20 Jul 1982 |
| 245 1# - TÍTULO |
| Título |
Caracterizacao ecologica e o nordeste como area potencial para a exploracao agricola da jojoba [Regiao Nordeste, Brasil] |
| 246 1# - FORMA VARIANTE DO TÍTULO |
| Título/título abreviado |
[Ecological characterization and the northeast as a potential area for jojoba cropping [Brazil]] |
| 246 1# - FORMA VARIANTE DO TÍTULO |
| Título/título abreviado |
[Jojoba] |
| Restante do título |
[v. 2] |
| 490 ## - TÍTULO DA SÉRIE |
| Título da série |
Documentos - Empresa de Pesquisa Agropecuaria do Rio Grande do Norte S.A. (Brazil) |
| Número do volume ou designação sequencial da série |
no. 6 |
| 500 ## - NOTA GERAL |
| Nota geral |
Jojoba<br/>Natal, RN (Brasil): 1982. p. 102-121 [14 ref.; 6 tables]<br/>(BR8300310-AMS)<br/> |
| 650 ## - ASSUNTO--TERMO TÓPICO |
| Cabeçalho tópico ou nome geográfico |
ECOLOGIA VEGETAL |
| 650 ## - ASSUNTO--TERMO TÓPICO |
| Cabeçalho tópico ou nome geográfico |
EXPLORACAO AGRICOLA |
| 650 ## - ASSUNTO--TERMO TÓPICO |
| Cabeçalho tópico ou nome geográfico |
JOJOBA |
| 650 ## - ASSUNTO--TERMO TÓPICO |
| Cabeçalho tópico ou nome geográfico |
REGIAO NORDESTE |
| 773 0# - ENTRADA ANALÍTICA |
| Título |
Programa de oleo vegetal para fins energetico [jojoba, mandioca brava, Bahia, Brasil] |
| Número de controle do registro |
9530 BR7406636 |
| Partes relacionadas |
Salvador, BA (Brasil), [nd]. |
| Enumeração e primeira página |
11 p. |
| 942 ## - ELEMENTOS DE ENTRADA ADICIONADOS (KOHA) |
| Tipo de material Koha |
Analítica de Monografia Seriada |
| Fonte da classificação ou esquema de arquivamento na estante |
Classificação AGRIS |
| 909 ## - |
| -- |
202506 |
| -- |
Lúcia |
| -- |
55 |
| -- |
Lúcia Elande |